| 000 | 00358nam a22001457a 4500 | ||
|---|---|---|---|
| 003 | OSt | ||
| 005 | 20240930105120.0 | ||
| 007 | 587 pages | ||
| 008 | 240930b |||||||| |||| 00| 0 eng d | ||
| 020 | _a9352607376 | ||
| 040 | _c | ||
| 082 |
_a378.166 _bETS |
||
| 245 |
_aOfficial guide to the GRE 4 real practice test _cETS |
||
| 942 |
_2ddc _cBK _k378.166 _mETS _n0 |
||
| 999 |
_c36084 _d36084 |
||